Správanie sa startupov na Slovensku
Analýza problematiky podnikateľských stratégií a podnikateľských modelov. Literárna rešerš od autorov venujúcich sa startupovým spoločnostiam a malým začínajúcim podnikom. Správanie sa startupov na Slovensku na výskumnej vzorke 112 slovenských startupov pomocou dotazníkového prieskumu z roku 2019 a...
Gespeichert in:
| 1. Verfasser: | |
|---|---|
| Format: | Buchkapitel |
| Sprache: | Slowakisch |
| Schlagworte: | |
| Tags: |
Keine Tags, Fügen Sie das erste Tag hinzu!
|
MARC
| LEADER | 00000naa$a2200000$$$4500 | ||
|---|---|---|---|
| 001 | 0269707 | ||
| 005 | 20240502074228.1 | ||
| 041 | 0 | |a slo | |
| 044 | |a SK | ||
| 245 | 1 | 0 | |a Správanie sa startupov na Slovensku |
| 520 | |a Analýza problematiky podnikateľských stratégií a podnikateľských modelov. Literárna rešerš od autorov venujúcich sa startupovým spoločnostiam a malým začínajúcim podnikom. Správanie sa startupov na Slovensku na výskumnej vzorke 112 slovenských startupov pomocou dotazníkového prieskumu z roku 2019 a riadených rozhovorov so startupistami. Závery prínosné pre malé začínajúce podniky a startupy na domácom trhu. | ||
| 610 | 2 | 0 | |a start-up |
| 610 | 2 | 0 | |a modely podnikateľské |
| 610 | 2 | 0 | |a stratégia podnikateľská |
| 610 | 2 | 0 | |a podnikanie malé |
| 610 | 2 | 0 | |a podnik malý |
| 610 | 2 | 0 | |a výhody konkurenčné |
| 610 | 2 | 0 | |a prieskum |
| 610 | 2 | 0 | |a Slovensko |
| 100 | 1 | |a Mišúnová Hudáková, Ivana, 1976- | |